{"text_format":"3","workbook":"xlsx","n_sheets":3,"sheets":["Sheet1","Sheet2","Sheet3"],"not_rendered":{"defined_names":1},"read":"whole","date_system":"1900"}

{"sheet":"Sheet1","index":0,"n_rows":20,"n_cols":12,"rows_kept":20,"merged":[[0,1,0,8],[1,1,1,5],[19,2,19,8]]}
[null,"雅安市大兴生态旅游建设项目公共卫浴材料报价单"]
["项目名称：","雅安市大兴生态旅游建设项目"]
["序号","名称","型号","图片","单位","暂定数量","产品特点","不含税\n控制单价(元)","不含税\n控制合计(元)","不含税单价","不含税合价"]
[1,"蹲便器",null,null,"个",70,"后进前排，带存水弯，尺寸555*440*260mm，\n要求水压0.14Mpa-0.55Mpa，冲水量5.6L，二级水效，",{"v":230.388349514563,"d":"230.39"},{"$f":"F4*H4","v":{"v":16127.1844660194,"d":"16127.18"}}]
[2,"蹲便感应器",null,null,"个",70,"交流电，PSD光位置传感，\n高精度抗色差抗干扰不锈钢拉丝处理，\n尺寸175*128mm，冲水时间可调节(2S/5S/8S)   ",{"v":641.747572815534,"d":"641.75"},{"$f":"F5*H5","v":{"v":44922.3300970874,"d":"44922.33"}}]
[3,"拖布池",null,null,"个",10,"尺寸495*435*640mm，\n1260℃高温烧制，吸水率0.2%",{"v":360.194174757282,"d":"360.19"},{"v":3601.94174757282,"d":"3601.94"}]
[4,"座便器",null,null,"个",28,"尺寸665*375*675mm，坑距305mm/400mm，\n3.5/5L两档冲水，一级水效，                                                                                        1260℃高温烧制，吸水率0.2%",{"v":746.601941747573,"d":"746.60"},{"v":20904.854368932,"d":"20904.85"}]
[5,"感应落地式小便器成人",null,null,"个",29,"尺寸410*380*1060mm，\n吸水率0.2%",{"v":1004.85436893204,"d":"1004.85"},{"v":29140.7766990291,"d":"29140.78"}]
[7,"儿童座便器",null,null,"个",4,"尺寸500*285*530mm，坑距200mm/300mm，\n3.5/5L两档冲水，一级水效，                                                                                        1260℃高温烧制，吸水率0.2%",{"v":1008.73786407767,"d":"1008.74"},{"v":4034.95145631068,"d":"4034.95"}]
[8,"儿童小便器",null,null,"个",4,"尺寸285*240*490mm，\n吸水率0.2%",{"v":886.407766990291,"d":"886.41"},{"v":3545.63106796117,"d":"3545.63"}]
[9,"成人洗手盆 台下盆",null,null,"个",26,"尺寸595*405*200mm，\n吸水率0.2%，水嘴长124mm，水嘴高118mm",{"v":823.300970873786,"d":"823.30"},{"v":21405.8252427184,"d":"21405.83"},null,null,"感应水龙头、台下盆"]
[10,"成人洗手盆      独立式",null,null,"个",7,"尺寸530*460*820mm，\n吸水率0.2%，水嘴长124mm，水嘴高118mm",{"v":932.52427184466,"d":"932.52"},{"v":6527.66990291262,"d":"6527.67"},null,null,"感应水龙头、台下盆"]
[11,"儿童洗手盆      台下盆",null,null,"个",5,"尺寸535*385*200mm，\n吸水率0.2%，水嘴长124mm，水嘴高118mm",{"v":746.601941747573,"d":"746.60"},{"v":3733.00970873786,"d":"3733.01"},null,null,"感应水龙头、台下盆"]
[12,"浴室洗浴花洒",null,null,"套",16,"2级水效，直径105mm\n 三功能手持花洒，1.5米软管",{"v":713.592233009709,"d":"713.59"},{"v":11417.4757281553,"d":"11417.48"},null,null,"带五金件"]
[13,"无障碍卫生间扶手",null,null,"套",13,null,{"v":493.68932038835,"d":"493.69"},{"v":6417.96116504854,"d":"6417.96"},null,null,"成品扶手（马桶、\n洗手盆、小便器）"]
[14,"儿童安全折叠座椅",null,null,"套",6,null,{"v":241.747572815534,"d":"241.75"},{"v":1450.4854368932,"d":"1450.49"}]
[15,"成品储物柜",null,null,"套",9,null,{"v":342.718446601942,"d":"342.72"},{"v":3084.46601941748,"d":"3084.47"}]
[16,"热水器",null,null,"套",1,null,{"v":10751.4563106796,"d":"10751.46"},{"v":10751.4563106796,"d":"10751.46"},null,null,"容积：400L;\n额定热负荷：99KW"]
[17,"热水循环泵",null,null,"台",2,null,{"v":604.854368932039,"d":"604.85"},{"v":1209.70873786408,"d":"1209.71"},null,null,"Q=1.2m³/h\n;H=8m;N=0.37KW"]
[null,"备注：","卫浴技术参数要求：类似于九牧、恒洁、惠达、箭牌、四维等。报价包含  税率、运输费等。"]

{"sheet":"Sheet2","index":1,"n_rows":0,"n_cols":0,"rows_kept":0}

{"sheet":"Sheet3","index":2,"n_rows":0,"n_cols":0,"rows_kept":0}